000
00425nam a2200169Ia 4500
008
090711s9999 xx 000 0 und d
082
_b
70558
100
_a
वैद्य सुरेश
245
_a
सावर
260
_c
1993
300
_a
200
600
_a
वैद्य सुरेश
630
_a
सावर
700
_a
वैद्य सुरेश
730
_a
सावर
942
_c
BOOK
999
_c
288149
_d
288149